000 02186njm a2200397Ia 4500
001 85769
003 IT-RoPAU
005 20220918181117.0
008 131025s9999 xx 000 0 und d
040 _aIT-RoPAU
040 _cIT-RoPAU
041 _aSPAGNOLO
999 _c99520
_d99520
999 _bn.d.
100 _aAA.VV.
_9794
100 _eAutore musica
_926648
100 _gCodice autore musica SPICS: 12000
_9796
245 _aAve Maria
250 _a1a ed.
260 _aMADRID
260 _bEDICIONES PAULINAS
_c1989 [1a Ed.:1989 - Ed. Lingua Orig.: 1989]
300 _aMUSICASSETTA
300 _c42 minuti (Testo: 0 pag.)
500 _aMusica religiosa. Arrangiamento
505 _aAve Maria de F. Schubert (5:00) - Ave Maria de Ch. Gounod (4:00) - Ave Maria de T. L. De Victoria (3:00) - Ave Maria de F. Palazon (4:00) - Ave Maria de F. Schubert [(al arpa) (4:00)] - Largo religioso de J. F. Handel (4:00) - Ave verum de W. A. Mozart (3:00) - (4:00) - Panis angelicus de C. Franck (4:00) - Jesus, alegria de los hombres de Bach (4:00) - Despertad su voz os llama de Bach (4:00) - Aria de la suite en re de Bach (6:00)
650 _aRELIGIOSO [CASSETTE]
_eCodice MATERIA SPICS: 9951
_9785
700 _aSchubert Franz
_dCodice autore musica SPICS: 10690
_eAutore musica
_pAve Maria
_926649
700 _aGounod Charles
_dCodice autore musica SPICS: 10670
_eAutore musica
_pAve Maria
_926650
700 _aDe Victoria Tomas Luis
_dCodice autore musica SPICS: 28895
_eAutore musica
_pAve Maria
_926651
700 _aPalazon Francisco
_dCodice autore musica SPICS: 11053
_eAutore musica
_pAve Maria
_926652
700 _aHandel Georg Friedrich
_dCodice autore musica SPICS: 5619
_eAutore musica
_pLargo religioso
_926653
700 _aMozart W.Franz Xaver
_dCodice autore musica SPICS: 15620
_eAutore musica
_pAve verum
_926654
700 _aFranck Cesar
_dCodice autore musica SPICS: 11500
_eAutore musica
_pPanis angelicus
_926655
700 _aBach Johann Sebastian
_dCodice autore musica SPICS: 9695
_eAutore musica
_pJesus, alegria - Despertad su voz os llama - Aria de la suite en re
_926656
700 _aPalazon Francisco
_dCodice interprete SPICS: 11053
_eInterprete
_926657
942 _cMC
_2ddc